000 00959nas a2200253 4500
001 BR8103334
003 BR-BrBNA
005 20231205084749.0
007 ta
008 230509b bl.|||p| |||| 00| 00por d
040 _aBR-BrBNA
_bpor
_cBiblioteca Nacional de Agricultura
041 _a(En)
072 _aL40
100 1 _aFonteles, M.C.
100 1 _aAhlquist, R.P.
245 1 _aA beta-adrenotropic study of the isolated rabbit kidney at normo - and hypothermia [Estrutura animal; Rim; Coelho; Cunuculus vulgaris]
246 1 _aA beta-adrenotropic study of the isolated rabbit kidney at normo - and hypothermia [Animal structure; Kidney; Rabit; Cunuculus vulgaris]
650 _aEstrutura animal
650 _aCoelho
650 _aRim
773 0 _tRevista Brasileira de Pesquisas Medicas e Biologicas (Brazil)
_xISSN 0034-7310
_g(Aug 1980), v. 13(4-6) p. 145-151
_wBR8103334
909 _a202311
_bLúcia
_c55
_dLúcia Elande
942 _2AGRIS
_n0
_cANA
999 _c107132
_d107132